From Good Schools to Great Schools: What Their Principals Do Well (Record no. 23552)

MARC details
000 -LEADER
fixed length control field 00746nam a22002177a 4500
003 - CONTROL NUMBER IDENTIFIER
control field OSt
005 - DATE AND TIME OF LATEST TRANSACTION
control field 20260608155626.0
008 - FIXED-LENGTH DATA ELEMENTS--GENERAL INFORMATION
fixed length control field 260608b |||||||| |||| 00| 0 eng d
020 ## - INTERNATIONAL STANDARD BOOK NUMBER
International Standard Book Number 9781412948999
040 ## - CATALOGING SOURCE
Transcribing agency Chuka University Library
050 ## - LIBRARY OF CONGRESS CALL NUMBER
Classification number LB 2831.92
Item number .G3 2008
100 ## - MAIN ENTRY--PERSONAL NAME
Personal name Gray Susan Penny, William A. Streshly
9 (RLIN) 27695
245 ## - TITLE STATEMENT
Title From Good Schools to Great Schools: What Their Principals Do Well
260 ## - PUBLICATION, DISTRIBUTION, ETC.
Place of publication, distribution, etc. New Delhi
Name of publisher, distributor, etc. Corwin Press
Date of publication, distribution, etc. 2008
300 ## - PHYSICAL DESCRIPTION
Extent xxvi, 157P
Other physical details Illustrations
650 ## - SUBJECT ADDED ENTRY--TOPICAL TERM
Topical term or geographic name entry element School Principals- United States
9 (RLIN) 27696
650 ## - SUBJECT ADDED ENTRY--TOPICAL TERM
Topical term or geographic name entry element Educational Leadership- United States
9 (RLIN) 27697
650 ## - SUBJECT ADDED ENTRY--TOPICAL TERM
Topical term or geographic name entry element School Management and Administration- United States
9 (RLIN) 27698
700 ## - ADDED ENTRY--PERSONAL NAME
Personal name Marge Hobbs
9 (RLIN) 27699
942 ## - ADDED ENTRY ELEMENTS (KOHA)
Source of classification or shelving scheme Library of Congress Classification
Koha item type Long Loan Books
Suppress in OPAC No
Holdings
Withdrawn status Lost status Source of classification or shelving scheme Damaged status Not for loan Collection Home library Current library Shelving location Date acquired Source of acquisition Total Checkouts Full call number Barcode Date last seen Copy number Price effective from Koha item type
    Library of Congress Classification     General Collection Books Main Campus Library Main Campus Library General Stacks 08/06/2026 Donation from Books for Africa   LB 2831.92 .G3 2008 33236/2026 08/06/2026 1 08/06/2026 Long Loan Books
    Library of Congress Classification     General Collection Books Main Campus Library Main Campus Library General Stacks 08/06/2026 Donation from Books for Africa   LB 2831.92 .G3 2008 33237/2026 08/06/2026 2 08/06/2026 Long Loan Books

Powered by Koha